000 00879cam a2200277 i 4500
001 61487
003 Mx-PuUPA
005 20241206111659.0
008 141003s1998 mx a gr 000 0 spa d
020 _a9706411968
040 _aMx-PuUPA
_bspa
_cMx-PuUPA
_dMx-PuUPA
_erda
041 0 _aspa
100 1 _aFlores Segura, Joaquín,
_eautor
245 1 0 _aNuestra Señora de Guadalupe /
_cJoaquín Flores Segura
250 _a2a. edición
264 1 _aMéxico, D. F. :
_bEditorial Progreso,
_c1998
300 _a72 páginas :
_bilustraciones (en color) ;
_c23 cm
336 _atexto
_2rdacontent
_btxt
337 _asin medio
_2rdamedia
_bn
338 _avolumen
_2rdacarrier
_bnc
545 1 _aReimpresiones: (1a.).
600 0 4 _aVirgen María
_xApariciones y milagros
942 _2ddc
_cLI
_h232.917
_iF62
999 _c61487
_d61487